000
00213nam a22000977a 4500
999
_c
16201
_d
16201
003
OSt
008
200623b ||||| |||| 00| 0 eng d
100
_a
Bhanu L. Desai
_9
4622
245
_a
Seasonal Flowers
942
_c
BK